Actos de jurisdicción voluntaria: apuntes taquigráficos de las clases de Don Fernando Alessandri Rodríguez
I tiakina i:
| Kaituhi matua: | |
|---|---|
| Hōputu: | Pukapuka |
| Reo: | Pāniora |
| I whakaputaina: |
Santiago
Arsenio Quintana
1941
|
| Putanga: | 1a. ed |
| Ngā marau: | |
| Ngā Tūtohu: |
Tāpirihia he Tūtohu
Kāore He Tūtohu, Me noho koe te mea tuatahi ki te tūtohu i tēnei pūkete!
|
MARC
| LEADER | 00000cam a2200000 a 4500 | ||
|---|---|---|---|
| 001 | UCC5422 | ||
| 003 | CL-VaPUC | ||
| 008 | 181005e19410000cl |||||||||||||||||spa|d | ||
| 082 | 0 | 4 | |a 347.05 |b RIV |2 21 |
| 100 | 0 | |a Rivera Muñoz, Alejandro |e author |9 599761 | |
| 245 | 1 | 0 | |a Actos de jurisdicción voluntaria: apuntes taquigráficos de las clases de Don Fernando Alessandri Rodríguez |
| 250 | |a 1a. ed | ||
| 300 | |a 23 p | ||
| 942 | |c BK | ||
| 945 | |d 20181005 11:03:00 |a dcastane | ||
| 260 | |a Santiago |b Arsenio Quintana |c 1941 | ||
| 650 | 0 | |a Jurisdicción voluntaria |9 348379 | |
| 650 | 7 | |a DOCTRINA |2 CL-VaPUC |9 378331 | |
| 650 | 0 | |a Derecho internacional privado |9 256361 | |
| 583 | |a last modification |c 20181005 11:03:00 |k Rodrigo Vera | ||
| 999 | |c 372671 |d 372669 | ||
| 952 | |0 0 |1 0 |2 ddc |3 erb |4 0 |6 347_050000000000000_RIV_1941 |7 0 |8 A |9 490369 |a BIBDER |b BIBDER |e Mateluna Arestizabal, Alfredo Sergio |i 5490529 |o 347.05 RIV 1941 |p 5490529 |r 2023-01-25 |w 2019-11-24 |y MX |z Catalogado en:20181005 |k DER | ||